000
00335 a2200121 4500
001
ART_42026
005
20260410161815.0
008
260409a
245
1
0
_a
La escuela judicial
100
1
_a
Clérico, María Laura
700
1
_a
Cardinaux, Nancy
773
0
_t
Academia
_g
- Año 2, Nº 3 (mar./jun. 2004)
_w
REV4314
999
_c
21816
_d
21816